000 00920nam a2200253 a 4500
001 7854
003 BD-RjUL
005 20211208234503.0
008 160402s1975 bg b 001 0 beno
035 _a(BD-RjUL)7898
035 _a(OCoLC)32084016
040 _aDLC
_cCU
_dCU
_dDLC
_dBD-RjUL
_bben
041 _aben
082 _223
_a110
_bDET 1975
100 1 _aদেব, গোবিন্দচন্দ্র
_9120433
245 1 0 _aতত্ত্ববিদ্যা-সার /
_cগোবিন্দচন্দ্র দেব
250 _a২য় সংস্করণ
260 _aঢাকা :
_bবাংলা একাডেমী,
_c১৯৭৫
300 _a৭, ৭, ৩৫৯ পৃ. ;
_c২২ সেমি.
504 _aগ্রন্থপঞ্জী সংযুক্ত ।
650 0 _aঅধিবিদ্যা
_9120434
650 0 _aMetaphysics
_9120435
942 _2ddc
_cBK
_02
999 _c7854
_d7854